| 000 | 00549nam a22001697a 4500 | ||
|---|---|---|---|
| 082 | _aP687 | ||
| 100 |
_aMuhammad Mohsin Syn#26 _950944 |
||
| 245 |
_aPerformance analysis of reinforced concrete beam-column joint under application of static cyclic loading _bProject |
||
| 250 | _a2016 | ||
| 260 |
_aRisalpur Cantt, _bMCE, _c2016. |
||
| 300 |
_a81 P. ; _bill, ; _c26 cm. |
||
| 526 |
_a0 _b0 _c0 _dP_687_000000000000000 |
||
| 526 |
_a0 _b0 _c0 _dP_688_000000000000000 |
||
| 650 |
_aP687 _950945 |
||
| 700 |
_aMaj Muhmmad Rizwan _950946 |
||
| 942 |
_2ddc _cBKB |
||
| 999 |
_c553701 _d553701 |
||